[Event "BLR-ch U20 Girls"]
[Site "Minsk"]
[Date "2021.04.22"]
[Round "7"]
[White "Astapchyk, Darya"]
[Black "Tarasenka, Aliaksandra"]
[Result "0-1"]
[WhiteElo "1586"]
[BlackElo "1966"]
[PlyCount "72"]
[EventDate "2021.04.16"]
[EventType "tourn"]
[EventRounds "7"]
[EventCountry "BLR"]
[SourceTitle "EXT 2022"]
[Source "ChessBase"]
[SourceDate "2021.10.06"]
[SourceVersion "1"]
[SourceVersionDate "2021.10.06"]
[SourceQuality "1"]

1. c4 e5 2. Nc3 Nf6 3. e4 Bc5 4. g3 d6 5. h3 Be6 6. d3 c6 7. Nf3 h6 8. Bg2 Qd7 9. Qe2 a5 10. Be3 Na6 11. h4 Ng4 12. Bxc5 dxc5 13. a3 0-0-0 14. Rd1 b6 15. Rd2 Kb7 16. Kd1 Rhe8 17. Kc2 f5 18. b3 Qf7 19. Nh2 Nxh2 20. Rxh2 f4 21. Bh3 Nc7 22. Qf3 Bxh3 23. Rxh3 Ne6 24. Ne2 a4 25. Rh1 axb3+ 26. Kxb3 b5 27. Kc3 Qc7 28. Rb2 Qa5+ 29. Kb3 Ra8 30. Ra1 Nd4+ 31. Nxd4 cxd4 32. Kc2 Qc3+ 33. Kb1 Qe1+ 34. Ka2 Rxa3+ 35. Kxa3 Ra8+ 36. Kb3 Qc3# 0-1

[Event "BLR-ch U20 Girls"]
[Site "Minsk"]
[Date "2021.04.20"]
[Round "5"]
[White "Astapchyk, Darya"]
[Black "Liashkevich, Lizaveta"]
[Result "0-1"]
[WhiteElo "1586"]
[BlackElo "1401"]
[PlyCount "96"]
[EventDate "2021.04.16"]
[EventType "tourn"]
[EventRounds "7"]
[EventCountry "BLR"]
[SourceTitle "EXT 2022"]
[Source "ChessBase"]
[SourceDate "2021.10.06"]
[SourceVersion "1"]
[SourceVersionDate "2021.10.06"]
[SourceQuality "1"]

1. d4 d5 2. Nc3 Nf6 3. Bf4 c5 4. e3 cxd4 5. exd4 a6 6. Nf3 Bg4 7. h3 Bxf3 8. Qxf3 e6 9. 0-0-0 Nc6 10. g4 Bd6 11. Bg5 Be7 12. Bg2 Qb6 13. Qe3 0-0-0 14. Rhe1 h6 15. Bf4 g5 16. Bg3 Ne8 17. Ne2 Nd6 18. Qb3 Qa7 19. f4 gxf4 20. Bxf4 Nc4 21. c3 N6a5 22. Qc2 b5 23. b3 Ba3+ 24. Kb1 Nb2 25. Rd2 Kd7 26. Nc1 b4 27. Nd3 bxc3 28. Qxc3 Nxd3 29. Rxd3 Qb6 30. Red1 Rc8 31. Qe1 Nc4 32. Be5 Rhf8 33. Bg7 Rg8 34. Bxh6 Nb2 35. Qf1 Ke8 36. Rf3 Nxd1 37. Qxd1 e5 38. Be3 exd4 39. Bd2 Rg6 40. Rf1 Rgc6 41. Qe2+ Re6 42. Qf3 Qc7 43. Qd3 Rc6 44. Re1+ Kf8 45. Qf1 Kg8 46. Bxd5 Rc2 47. Bg5 d3 48. Bc4 Rxc4 0-1

[Event "BLR-ch U20 Girls"]
[Site "Minsk"]
[Date "2021.04.18"]
[Round "3"]
[White "Astapchyk, Darya"]
[Black "Norman, Kseniya"]
[Result "1/2-1/2"]
[WhiteElo "1586"]
[BlackElo "1915"]
[PlyCount "114"]
[EventDate "2021.04.16"]
[EventType "tourn"]
[EventRounds "7"]
[EventCountry "BLR"]
[SourceTitle "EXT 2022"]
[Source "ChessBase"]
[SourceDate "2021.10.06"]
[SourceVersion "1"]
[SourceVersionDate "2021.10.06"]
[SourceQuality "1"]

1. d4 Nf6 2. Nc3 d5 3. Bf4 Bf5 4. Nb5 Na6 5. a3 e6 6. Nf3 c6 7. Nc3 Nc7 8. e3 Be7 9. Ne5 Ne4 10. Nxe4 Bxe4 11. Qh5 g6 12. Qe2 h5 13. f3 Bf5 14. g4 hxg4 15. fxg4 Bh4+ 16. Kd2 Be4 17. Rg1 g5 18. Bg3 Bxg3 19. Rxg3 Nb5 20. Rh3 Rxh3 21. Bxh3 f6 22. Nd3 Nd6 23. Nc5 Qe7 24. Bf1 0-0-0 25. b3 f5 26. Bg2 b6 27. Nxe4 dxe4 28. gxf5 exf5 29. Rf1 Qh7 30. h3 Qh4 31. Qf2 Qxf2+ 32. Rxf2 Rf8 33. c4 c5 34. Kc3 Kd7 35. b4 Rc8 36. dxc5 bxc5 37. bxc5 Rxc5 38. Bf1 Ke6 39. Rg2 f4 40. exf4 gxf4 41. Rg6+ Ke7 42. Kd4 Rh5 43. Be2 Rxh3 44. c5 Nf5+ 45. Kxe4 Ng3+ 46. Kf3 Nxe2+ 47. Kxe2 Rxa3 48. Rd6 a5 49. Rd4 f3+ 50. Kf2 Rc3 51. Ra4 Rxc5 52. Kxf3 Kd6 53. Ke4 Rh5 54. Kd3 Kc6 55. Kc3 Kb5 56. Rf4 Rh3+ 57. Kb2 a4 1/2-1/2

[Event "BLR-ch (Women) 64th"]
[Site "Minsk"]
[Date "2020.10.19"]
[Round "2"]
[White "Astapchyk, Darya"]
[Black "Tarasenka, Aliaksandra"]
[Result "1/2-1/2"]
[WhiteElo "1506"]
[BlackElo "2070"]
[PlyCount "73"]
[EventDate "2020.10.18"]
[EventType "tourn"]
[EventRounds "7"]
[EventCountry "BLR"]
[SourceTitle "EXT 2022"]
[Source "ChessBase"]
[SourceDate "2021.10.06"]
[SourceVersion "1"]
[SourceVersionDate "2021.10.06"]
[SourceQuality "1"]

1. e4 e6 2. d4 c5 3. c3 d5 4. exd5 Qxd5 5. Nf3 Nc6 6. Be2 Nf6 7. 0-0 Be7 8. Be3 0-0 9. dxc5 Qxd1 10. Rxd1 Ng4 11. Bf4 Bxc5 12. Bg3 f5 13. h3 f4 14. Bh4 Nge5 15. b4 Bb6 16. Nxe5 Nxe5 17. Be7 f3 18. gxf3 Nxf3+ 19. Kg2 Re8 20. Bxf3 Rxe7 21. Na3 e5 22. Nc4 e4 23. Be2 Bc7 24. Nd6 Bxd6 25. Rxd6 Bf5 26. Rad1 Rc7 27. c4 b6 28. R1d5 Rf8 29. a4 Rcf7 30. Rd2 Bc8 31. Bg4 Bxg4 32. hxg4 Rf4 33. Kg3 Rf3+ 34. Kg2 R3f4 35. Kg3 Rf3+ 36. Kg2 R3f4 37. Kg3 1/2-1/2

[Event "BLR-ch (Women) 64th"]
[Site "Minsk"]
[Date "2020.10.18"]
[Round "1"]
[White "Poliakova, Varvara"]
[Black "Astapchyk, Darya"]
[Result "1/2-1/2"]
[WhiteElo "1952"]
[BlackElo "1506"]
[PlyCount "107"]
[EventDate "2020.10.18"]
[EventType "tourn"]
[EventRounds "7"]
[EventCountry "BLR"]
[SourceTitle "EXT 2022"]
[Source "ChessBase"]
[SourceDate "2021.10.06"]
[SourceVersion "1"]
[SourceVersionDate "2021.10.06"]
[SourceQuality "1"]

1. e4 d5 2. exd5 Qxd5 3. Nc3 Qd8 4. d4 Nf6 5. Nf3 Bg4 6. h3 Bh5 7. Be2 e6 8. Bf4 c6 9. 0-0 Bd6 10. Ne5 Bxe2 11. Qxe2 0-0 12. Rad1 Qc7 13. Rfe1 Nbd7 14. Qf3 Nd5 15. Nxd5 exd5 16. Qg3 f6 17. Nxd7 Bxf4 18. Qg4 f5 19. Qf3 Bh2+ 20. Kh1 Qxd7 21. Kxh2 Rae8 22. Qa3 a6 23. Qb4 f4 24. Rxe8 Rxe8 25. Re1 Kf7 26. Kg1 Rxe1+ 27. Qxe1 Qe7 28. Qd2 g5 29. Kf1 Kf6 30. b3 Qe6 31. Qb4 Qe7 32. Qa5 Qe4 33. Qd8+ Qe7 34. Qh8+ Qg7 35. Qb8 Kg6 36. c3 Qe7 37. h4 h6 38. Qg8+ Kh5 39. hxg5 hxg5 40. Qh8+ Kg6 41. Qg8+ Kf5 42. Qc8+ Kf6 43. Qg4 Qh7 44. g3 Qh1+ 45. Ke2 Qe4+ 46. Kd2 Qf5 47. Qf3 fxg3 48. Qxg3 Qf4+ 49. Ke2 Kf5 50. Qh3+ Qg4+ 51. Qf3+ Qf4 52. Qh3+ Qg4+ 53. Qf3+ Qf4 54. Qh3+ 1/2-1/2